National Bank of Greece 1990

Guardado en:
Detalles Bibliográficos
Formato: Libro
Lenguaje:inglés
Publicado: Athens National Bank of Greece 1991
Edición:1. ed.
Etiquetas: Agregar Etiqueta
Sin Etiquetas, Sea el primero en etiquetar este registro!

MARC

LEADER 00000nam a2200000 4500
001 c026653
005 20221206114816.2
041 0 |a eng 
044 |a GR 
245 1 0 |a National Bank of Greece 1990 
250 |a 1. ed. 
264 1 |a Athens  |b National Bank of Greece  |c 1991 
300 |a 31 s.